Datum a čas kvízu
33.5
Celkem bodů
Celkový počet nahraných bodů na tomto kvízu bez doplňovacích otázek.
6.
Pořadí na kvízu
Konečné umístění týmu na tomto kvízu.
Zaznamenané odpovědi
| # | Otázka | Odpověď | Body | Výsledky |
|---|---|---|---|---|
| 1. | Středočeská obec Mirošovice po... | Předčasně zveřejnila výsledky. | 1 | |
| 2. | Na výročí Světového dne metrol... | Max Planck | 0 | |
| 3. | Režisér Quentin Tarantino, jeh... | Aby nezveřejňovali obsah filmu. | 0 | |
| 4. | Mobilní operátor Vodafone minu... | účtování hovorů po minutách | 0 | |
| 5. | V pondělí nás opustil Niki Lau... | Laudamotion, Niki | 0.5 | |
| 6. | Jakou barvu má pruh, který je... | bílou | 1 | |
| 7. | Kolik vodorovných pruhů tvoří... | čtyři | 1 | |
| 8. | Na thajské vlajce nenajdeme pr... | C | 0 | |
| 9. | Slovinskou vlajku tvoří znak v... | prostřední | 1 | |
| 10. | Uveďte barvy pruhů na vlajce B... | černý, žlutý, červený | 0 |